000 01027nam a2200301 c 4500
003 BLK
005 20230629003921.0
008 180408b bul|||||r ||||||| ||bul||
010 _aKNG00070415000
040 _aBLK
041 _aBUL
_cBUL
080 _aБългарска литература
_b821.163.2
_x-32
_z821.163.2-32
100 _aВежинов, Павел
_d1914–1983
_qГугов, Никола Делчев
_9249347
139 _aВежинов, Павел
_bВ 35
245 1 0 _aБариерата
_cПавел Вежинов.
245 1 0 _aБелият гущер
_b
_c
245 1 0 _aЕзерното момче
_bПовести
_c
257 _aBGR
260 София
_bБълг. писател
_c1987
_fВаорна : печ. Ст. Добрев-Странджата
300 _a288 с.
_c21 см
380 _aX
852 _aЦб 147876
856 4 _qpdf
_u
856 4 _qpdf
_u
942 _cKNG
_n0
944 _aCR
_c09.01.2007
_kЦветанка_Енчева
944 _aED
_c17.01.2007
_k
999 _c66129
_d66129